000 01062nam a2200217 a 4500
001 000020820
003 DO-SdBNP
005 20240422101417.0
008 100818s2004 dr a 000 0 spa d
040 _aDO-SdBNP
_bspa
_cBNPHU
049 _aBNPD
082 _a972.93052
_bV335i, 2004
100 1 _aVásquez Romero, José L.
_930658
245 1 3 _aLa intervención de 1916 :
_bvencidos y vencedores /
_cJosé L. Vásquez Romero.
250 _a2a ed.
260 _aSanto Domingo :
_bTrebol,
_c2004.
300 _a263 p. :
_bil. ;
_c23 cm.
505 2 _aAntecedentes de la Ocupación de 1916 - Las privaciones a las libertades públicas y sus implicaciones durante el gobierno de ocupación - Implicaciones económicas y sociales de la ocupación - Resistencia armada contra el gobierno militar (1917-1922) - La Unión Nacionalista: diversos mecanismos de lucha contra el régimen de ocupación militar - Conclusiones - Bibliografía general.
651 0 _aRepública Dominicana --
_xHistoria --
_yOcupación norteamericana, 1916-1924
_91926
942 _2ddc
_cLBS1
999 _c20324
_d20324